00864 a2200205 4500020001500000035002000015040001700035082001300052245014500065260006100210300003500271440006800306650004000374650002700414700002400441700002200465740005900487740004500546740006700591 a9810218788 a(OCoLC)31876567 aDLCbEnglish00a531.113310a7th Conference on Waves and Stability in Continuous Media : Bologna, Italy, October 4-9, 1993 ceditors, Salvatore Rionero, Tommaso Ruggeri. aSingapore ;aRiver Edge, NJ :bWorld Scientific,cc1994. axiii, 429 p. :bill. ;c23 cm. 0aSeries on advances in mathematics for applied sciences ;vv. 23 0aWave-motion, Theory ofxCongresses. 0aStabilityxCongresses.1 aRionero, Salvatore.1 aRuggeri, Tommaso.0 aConference on Waves and Stability in Continuous Media.0 aWaves and stability in continuous media.0 aSeventh Conference on Waves and Stability in Continuous Media.